00531nam a2200181Ia 4500008004100000020001800041082001200059100003400071245003900105250000600144260002500150300001800175500002400193650001500217942000700232952009300239999001700332230524s9999 xx 000 0 und d a9788193975510 a621.076 awww.gkpublications.org944995 0aGATE 2020 - Mechanical Engineering a1 aNew DelhibGKPc2020 a"xxiv,5.20p;" aQuantity Number: 1 amechanical cBK 00104070aTATCLbTATCLcGENd2023-05-24l0o621.076p59113r2023-05-24w2023-05-24yBK c60601d60601